• 首页
  • 本馆介绍
  • 公告通知
  • 最新文献
  • 馆藏检索
  • 电子资源
  • 读者导购
  • 参考咨询
  • 我的图书馆
  • 登录
  • 期刊详细显示
  • 现刊情况显示
  • 合订本情况显示
  • 篇目信息显示

期刊信息

  • 表格格式
  • 工作单格式
  • 卡片格式
索取号 
O21/SHLTJ
题名 
数理统计与管理
作者 
数理统计与管理编辑部
分册号 
分册名 
出版地 
北京
出版者 
中国现场统计研究会编辑出版委员会
标准刊号 
1002-1566
出版频率 
双月刊
中图法分类 
C931.1
主题词 
概率论; 数理统计
电子资源 
000 01329nas002200373 45
001 1196020580
005 20070323111504.50
011    @a1002-1566@dCNY10.00
091    @aCN@b11-2242
092    @aCN@b82-69
100    @a19930602a19839999ekmy0chiy0121 eb
101 0  @achi
102    @aCN@b110000
110    @aagaz 0yu0
200 1  @a数理统计与管理@ASHU LI TONG JI YU GUAN LI@dApplication of statistics and management@f数理统计与管理编辑部@zeng@FShu Li Tong Ji Yu Guan Li Bian Ji Bu
207  0 @a试刊:no.1(1982,9)~no.2(1982,11)=总1~2;1983,no.1(1983,1)~=总3~
210    @a北京@c中国现场统计研究会编辑出版委员会@d1983~
215    @d26cm
326    @a双月刊
327 0  @a应用成果@a方法的探讨与研究@a中外学术交流@a趣味概率统计@a统计学院
345    @a北京玉泉路19号中科院研究生院内(邮码100039)
510 1  @aApplication of statistics and management@zeng
540 1  @a数理 统计 管理@ASHU LI TONG JI GUAN LI
606 0  @a概率论
606 0  @a数理统计
676    @a519.5@v19
690    @aC931.1@v3
690    @aO21@v3
690    @aO21@v4
701  0 @a林少宫@ALIN SHAO GONG@4主编
711 02 @a中国现场统计研究会@AZHONG GUO XIAN CHANG TONG JI YAN JIU HUI@4主办
711  0 @a数理统计与管理编辑部@AShu Li Tong Ji Yu Guan Li Bian Ji Bu
801  0 @aCN@bPFT@c20070323
905    @a1@cQ@dO21@eSHLTJ
    
    数理统计与管理=Application of statistics and management/数理统计与管理编辑部.-试刊:no.1(1982,9)~no.2(1982,11)=总1~2;1983,no.1(1983,1)~=总3~.-北京:中国现场统计研究会编辑出版委员会,1983~
    26cm
    北京玉泉路19号中科院研究生院内(邮码100039)!T订购地址:*
    部分内容:应用成果;方法的探讨与研究;中外学术交流;趣味概率统计;统计学院
    ISSN 1002-1566:CNY10.00
    
●
相关链接: 在易读查询期刊 在中国知网中查询期刊 在万方数据查询期刊 在维普查询期刊
唐山师范学院图书馆 欢迎您!
大连网信软件有限公司© 版权所有